| 000 | 00469nam a2200169Ia 4500 | ||
|---|---|---|---|
| 008 | 151021s9999 xx 000 0 und d | ||
| 020 | _a9.780071101e+012 | ||
| 050 | _aHG4026.2675 2009 | ||
| 245 | _a_corporate Finance core Principles&Applications | ||
| 250 | _a2nd Ed. | ||
| 260 | _aUS MCGraw-hill 2009 | ||
| 300 | _a698p.:illl | ||
| 500 | _aIncludes index | ||
| 650 | _a_Finance | ||
| 700 | _a_Randolph W.Westerfield | ||
| 980 | _a^d20110202 11:19:35^oanne | ||
| 999 |
_c5476 _d5476 |
||